00546cam a22002171 4500001001300000003000400013005001700017008004100034010001700075035002000092040001800112042001200130050001700142100005000159245003400209260001400243300001800257500001500275650002100290999001700311sa 68014080 DLC20260227112628.0890707s1958 np 000 0 nepo  asa 68014080  a(OCoLC)19980835 aDLCcWaUdDLC apremarc00aBL1202b.A272 aĀcārya Dīkshita, Sāgaramaṇi,d1915-10aCaṇḍīmā rājanīti. c[1958/59] a67 p.c19 cm. aIn Nepali. 0aHindu mythology. c85552d85552